NBA Greatest Moments - Statistics

General Stats
  • This quiz has been taken 50 times
  • The average score is 5 of 20
Answer Stats
Picture Answer % Correct
The Block
82%
The Shot
79%
The Decision
64%
Malice at the Palace
46%
The Flu Game
44%
100 Point Game
36%
Kawhi Leonard Gets the Bounce
23%
13 Points in 33 Seconds
18%
Allen Iverson Step Over
18%
81 Point Game
15%
Vince Carter Dunk Contest
15%
Ray Allen's Three-Pointer
13%
Bryant to Shaq
8%
Magic Johnson's Baby Hook
8%
Curry Game Winner vs OKC
5%
Havlicek Steals the Ball
5%
Block by Antetokounmpo
3%
LeBron Breaking the Scoring Record
3%
Scottie Pippen Dunking on Patrick Ewing
3%
Michael Jordans Final Shot as a Chicago Bull
0%
No matching quizzes found
Score Distribution
Percent of People with Each Score
Percentile by Number Answered
Your Score History
You have not taken this quiz